• 首页
  • 本馆介绍
  • 公告通知
  • 最新文献
  • 馆藏检索
  • 电子资源
  • 读者导购
  • 参考咨询
  • 我的图书馆
  • 登录
  • 详细信息显示
  • 放入我的书架
  • 预约/预借图书
  • 作者相关作品
  • 分类相关作品
  • 丛书相关作品
  • 出版社相关作品

书目信息

  • 表格格式
  • 工作单格式
  • 卡片格式
题名:
铁矿热压含碳球团制备及其应用技术
    
 
作者: 储满生 , 柳政根 著
分册:  
出版信息: 北京   科学出版社  2012.12
页数: 17,328页
开本: 25cm
丛书名: 现代冶金与材料过程工程丛书
单 册:
中图分类: TF521
科图分类:
主题词: 炼铁--铁矿物--含碳球团--制备 , 炼铁 , 铁矿物 , 含碳球团
电子资源:
ISBN: 978-7-03-035962-9
000 01118oam2 2200301 450
001 010020005597
005 20170324112504.25
010    @a978-7-03-035962-9@b精装@dCNY80.00
100    @a20121228d2012 em y0chiy50 ea
101 0  @achi
102    @aCN@b110000
105    @aak z 000yy
106    @ar
200 1  @a铁矿热压含碳球团制备及其应用技术@9tie kuang re ya han tan qiu tuan zhi bei ji qi ying yong ji shu@f储满生,柳政根著
210    @a北京@c科学出版社@d2012.12
215    @a17,328页@c图@d25cm
225 2  @a现代冶金与材料过程工程丛书
330    @a本书共分5篇16章,全面介绍铁矿热压含碳球团的制备及其应用技术,主要内容包括研究背景、热压含碳球团的制备及其冶金性能、热压含碳球团应用于高炉炼铁、热压含碳球团应用于熔融还原和热压含碳球团应用于高铁三水铝土矿的综合利用五个部分。
461  0 @12001 @a现代冶金与材料过程工程丛书
606 0  @a炼铁@x铁矿物@x含碳球团@x制备
606 0  @a炼铁
606 0  @a铁矿物
606 0  @a含碳球团
690    @aTF521@v5
701  0 @a储满生@9chu man sheng@4著
701  0 @a柳政根@9liu zheng gen@4著
801  0 @aCN@bNLC@c20121228
905    @b980072-74@dTF521@e38@f3
    
    铁矿热压含碳球团制备及其应用技术/储满生,柳政根著.-北京:科学出版社,2012.12
    17,328页:图;25cm.-(现代冶金与材料过程工程丛书)
    
    
    ISBN 978-7-03-035962-9(精装):CNY80.00
    本书共分5篇16章,全面介绍铁矿热压含碳球团的制备及其应用技术,主要内容包括研究背景、热压含碳球团的制备及其冶金性能、热压含碳球团应用于高炉炼铁、热压含碳球团应用于熔融还原和热压含碳球团应用于高铁三水铝土矿的综合利用五个部分。
●
相关链接 在E读中查询图书 在五车中查询图书 在当当中查询图书 在豆瓣中查询图书


正题名:铁矿热压含碳球团制备及其应用技术     索取号:TF521/38         预约/预借

序号 登录号 条形码 馆藏地/架位号 状态 备注
1 980072   209800722   第二样本阅览室/ [索取号:TF521/38] 在馆    
2 980073   209800731   密集书库-化学系/ [索取号:TF521/38] 在馆    
3 980074   209800740   第三借阅区/ [索取号:TF521/38] 在馆    
唐山师范学院图书馆 欢迎您!
大连网信软件有限公司© 版权所有